000
00355nam a2200169Ia 4500
100
_a
Srinivasan/V/ Chari/ S.N.
650
_a
Chemistry
250
_a
1
942
_c
BK
654
_a
Chemistry
245
_a
Applied Chemistry I
260
_b
Nirali prakashan
_c
1997
082
_a
660
_b
SRI/CHA
300
_a
169
546
_a
ENGLISH
999
_c
33806
_d
33806